देशभर का दुश्मन / (Record no. 121623)
[ view plain ]
| 000 -LEADER | |
|---|---|
| fixed length control field | 00785nam a22002417a 4500 |
| 005 - DATE AND TIME OF LATEST TRANSACTION | |
| control field | 20170124103217.0 |
| 010 ## - LIBRARY OF CONGRESS CONTROL NUMBER | |
| LC control number | 026308 |
| 020 ## - INTERNATIONAL STANDARD BOOK NUMBER | |
| Terms of availability | 00.00 |
| 035 ## - SYSTEM CONTROL NUMBER | |
| System control number | 026308 |
| 037 ## - SOURCE OF ACQUISITION | |
| Source of stock number/acquisition | Cen Lib/Ret |
| 040 ## - CATALOGING SOURCE | |
| Original cataloging agency | DPL |
| Language of cataloging | HN |
| 082 ## - DEWEY DECIMAL CLASSIFICATION NUMBER | |
| Classification number | 822 |
| Item number | इव्सन |
| 100 ## - MAIN ENTRY--PERSONAL NAME | |
| Personal name | इव्सन |
| 9 (RLIN) | 6954 |
| 245 ## - TITLE STATEMENT | |
| Title | देशभर का दुश्मन / |
| Statement of responsibility, etc | इव्सन |
| 246 ## - VARYING FORM OF TITLE | |
| Title proper/short title | Deshbhar ka dushman |
| Remainder of title | by Evsan |
| 300 ## - PHYSICAL DESCRIPTION | |
| Extent | 133पृष्ठ. |
| Dimensions | 17सेमी(सजिल्द) |
| 500 ## - GENERAL NOTE | |
| General note | |
| 650 ## - SUBJECT ADDED ENTRY--TOPICAL TERM | |
| Topical term or geographic name as entry element | अंग्रेजी साहित्य |
| 9 (RLIN) | 112284 |
| 650 ## - SUBJECT ADDED ENTRY--TOPICAL TERM | |
| Topical term or geographic name as entry element | अंग्रेजी नाटक |
| 9 (RLIN) | 112285 |
| 650 ## - SUBJECT ADDED ENTRY--TOPICAL TERM | |
| Topical term or geographic name as entry element | English literature |
| 9 (RLIN) | 112286 |
| 650 ## - SUBJECT ADDED ENTRY--TOPICAL TERM | |
| Topical term or geographic name as entry element | English drama |
| 9 (RLIN) | 112287 |
| 942 ## - ADDED ENTRY ELEMENTS (KOHA) | |
| Source of classification or shelving scheme | Dewey Decimal Classification |
| Koha item type | Hindi Books |
| Classification part | 822 |
| Call number suffix | इव्सन |
| Withdrawn status | Lost status | Damaged status | Not for loan | Home library | Current library | Date acquired | Source of acquisition | Cost, normal purchase price | Total Checkouts | Full call number | Barcode | Date last seen | Copy number | Cost, replacement price | Price effective from | Koha item type |
|---|---|---|---|---|---|---|---|---|---|---|---|---|---|---|---|---|
| Central Library | Central Library | 10/10/2015 | Cen Lib/Ret | 0.00 | 822 इव्सन | 026308 | 10/10/2015 | 1 | 0.00 | 15/09/2016 | Hindi Books |
